| 000 | 01020cam a22002531i 4500 | ||
|---|---|---|---|
| 003 | SA-RiAUC | ||
| 005 | 20250518101238.0 | ||
| 008 | 250513s2005 su g f000 0 ara c | ||
| 040 |
_aIQ-KaIHL _bara _cSA-RiAUC. _erda |
||
| 082 | 0 | 4 |
_a252.5 _qSA-RiAUC |
| 090 |
_a252.5 _b ط ر ي |
||
| 100 | 1 |
_aالطريري، عبد الوهاب ناصر _eمؤلف. |
|
| 245 | 1 | 0 |
_aكأنك معه : _bصفة حجة النبي (صلى) كأنك معه / _cتأليف عبد الوهاب بن ناصر الطريري. |
| 250 | _aالطبعة الثانية. | ||
| 264 | 1 |
_aالرياض : _bمكتبة الملك فهد الوطنية، _c[2005] |
|
| 300 |
_a199صفحة ؛ _c24 سم |
||
| 336 |
_aنص _btxt _2rdacontent _3كتاب |
||
| 337 |
_aبدون وسيط _bn _2rdamedia |
||
| 338 |
_aمجلد _bnc _2rdacarrier |
||
| 650 | 7 |
_aالحج (فقه إسلامي) _xمناسك _2aucsh |
|
| 650 | 7 |
_aالسيرة النبوية _xحجة الوداع _2aucsh |
|
| 942 |
_2ddc _cBOOK _n0 |
||
| 949 |
_aSA-JeALM _d250513 _umohamedma123 _n1 |
||
| 999 |
_c8024 _d8024 |
||